000 00437nam a22001697a 4500
003 OSt
005 20211201104330.0
008 211201b |||||||| |||| 00| 0 eng d
020 _a0-19-283354-5
040 _cHAWASSA UNIVERSITY
050 _a823/BRO
_b1
082 _a823/BRO
_b1
100 _aBRONTE EMILY
_qBRONTE EMILY
_921237
245 _aWUTHERING HEIGHTS
260 _aNEW YORK
_bOXFORD UNIVERSITY
_c1976
942 _2ddc
_cBOOKS
_n0
999 _c20910
_d20910